000 01664nam0a2200349 4500
001 RU\NLR\bibl\1133337
005 20250615071735.0
010 _a5-91138-011-0
_91000
021 _aRU
_b2007-55858
_92972
035 _a(nilc)EL/0000111997
035 _a(NLR Aleph) 001120238
090 _a1293440
_c1293440
100 _a20070315d2005 |||y0rusy50 ca
101 0 _arus
102 _aRU
105 _aa j |||||
200 1 _aОплата труда на сельскохозяйственных предприятиях
_eучебное пособие
_eдля студентов, обучающихся по специальности "Экономика и управление на предприятии АПК"
_fИ.В. Самсонова
_gМ-во образования Рос. Федерации
210 _aЯкутск
_cИзд-во ЯНЦ СО РАН
_d2005
215 _a199 с.
_d21
320 _aБиблиогр.: с. 179-181 (38 назв.)
606 1 _aСельскохозяйственные предприятия
_jУчебные издания для высших учебных заведений
_xЗаработная плата
_yРоссийская Федерация
_92336946
_3RU\NLR\auth\661397128
675 _a631.158:658.32(075.8)
_v4
_zrus
686 _a65.321-6я73
_vLBC/PL
_2rubbk
686 _aУ32(2)-645я73
700 1 _aСамсонова
_bИ. В.
_gИрина Валентиновна
_4070
801 0 _aRU
_bНБР Саха
_c20070315
_grcr
801 1 _aRU
_bНБР Саха
_c20070315
801 2 _aRU
_bNLR
_c20070926
_grcr
830 _aАвт. по кн.
942 _cBOOK
980 _aNB